000 00797nam a2200241 b 4500
001 bimo0000915460
003 OSt
005 20140222093608.0
008 980702s1998 esp spa
020 _a84-922107-4-5
040 _aSpMaBN
_bspa
_cBMC
_erdc
082 _a658.152
082 _a338.9
100 1 _aJaspersen, Thomas
_914004
245 1 0 _aInversión
_b: control y seguimiento del proceso de la inversión en la práctica
_cpor... Thomas Jaspersen ; traducción, Isabel Izquierdo ; revisión, Pedro Roque
260 _aMadrid
_bEdiciones 2010
_c1998
300 _aXIII, 495 p.
_c24 cm
650 2 4 _aEmpresas
_xInversiones
_914120
650 2 4 _aControl de gestión
_914215
700 1 _914006
_aIzquierdo, Isabel‏
700 1 _914217
_aRoque Orellana, Pedro
942 _2ddc
_cBK
999 _c7297
_d7297